Score 0/33 Timer 05:00
0 Plays Today
Flavor Group Flavor % Correct
IceLemon
93.4%
OriginalOrange
91%
IceOrange
91%
RainGrape
84.1%
FierceGrape
84.1%
OriginalFruit Punch
82.7%
OriginalLemon-Lime
77.7%
RainLime
74.8%
FierceLime
74.8%
IceLime
74.8%
FierceStrawberry
74.4%
IceStrawberry
74.4%
RainCherry
53.2%
OriginalBerry
49.2%
RainBerry
49.2%
LemonadeLemonade
46.2%
FrostGlacier Freeze
41.5%
Flavor Group Flavor % Correct
FrostRiptide Rush
40.2%
OriginalCool Blue
36.2%
LemonadePink Lemonade
30.9%
FierceMelon
30.2%
RainWatermelon
27.9%
IceWatermelon
27.9%
OriginalStrawberry Kiwi
26.2%
RainStrawberry Kiwi
26.2%
A.M.Orange-Strawberry
16.6%
LemonadeRaspberry Lemonade
15.3%
RainTangerine
14.6%
FrostCascade Crash
13.3%
A.M.Tropical-Mango
10%
OriginalIce Punch
7%
A.M.Cran Raspberry
4.7%
FierceWild Berry
4.7%
Remove Ads.
Support Sporcle.
Get the best of Sporcle when you Go Orange. This ad-free experience offers more features, more stats, and more fun while also helping to support Sporcle. Thank you for becoming a member.

You're not logged in!

Compare scores with friends on all Sporcle quizzes.
OR
Log In

Show Comments

Extras

Created Sep 23, 2009SourceReportNominate
Tags:Flavor, gatorade, group

Top Quizzes Today


Score Distribution

Your Account Isn't Verified!

In order to create a playlist on Sporcle, you need to verify the email address you used during registration. Go to your Sporcle Settings to finish the process.

Report this User

Report this user for behavior that violates our Community Guidelines.

Details: